1676 1792 1527 1399 1973 1284 1407 1135 1064 1545 1625 1078 1602 1299 1301 1862 1556 1586 1363 1859 1812 1110 1123 1103 1535 1575 1367 1527 1195 1508 1176 1473 1022 1817 1043 1722 1819 1074 1077 1130 1827 1773 1358 1162 1126 1050 1039 1035 1582 1448 1527 1481 1001 1288 1733 1692 1123 1754 1765 1035 1586 1193 1609 1687 1080 1817 1304 1953 1852 1384 1658 1144 1540 1263 1814 1195 1383 1023 1616 1183 1846 1303 1297 1455 1496 1734 1915 1936 1776 1759 1497 1988 1342 1873 1723 1655 1055 1718 1213 BCNSPRNW ULIB Ver.6.0+V

เปลี่ยนเป็นภาษาไทย

Change to English
 แสดงรายละเอียดบรรณานุกรม
  กลับหน้าหลัก

Brief Record : Get Marc (ISO 2709) : E-mail record : QR code < ปิดหน้าต่าง
LEADER : 00000nam 2200000uu 4500
001    13399120088
003     ULIB
008    120830sมปป.||||th 000 0 tha d
020    ^a9786167123370
090    ^aนว.^bภ121ส
100    ^aภคิน
245    ^aสูตรหวาน จานรัก/^cภคิน
260    ^aกรุงเทพฯ :^bกรีนมายด์,^cม.ป.ป.
300    ^a359 หน้า
945    ^p0^l0^i17070
995    ^aทศพร
999    ^aทศพร เกษรทอง
รายการนี้ยังไม่มีแท็ก
คุณยังไม่ได้ล็อกอิน คุณสามารถมีกิจกรรมร่วมกับเว็บไซต์ได้ แต่ต้องล็อกอินก่อน ::
  ล็อกอิน

รายการสื่อสารสนเทศ

ลำดับที่ ประเภท เลขเรียก/บาร์โค้ด สถานที่ สถานะ
1. นวนิยาย
นวนิยาย
นว. ภ121ส ฉ.1 
  Barcode: 17070
ห้องสมุดวิทยาเขตสวรรค์ประชารักษ์
►นวนิยาย
บนชั้น
  ขอยืม

รายการใกล้เคียง
    ผู้แต่ง [ภคิน]

BibComment


ยังไม่เคยถูกคอมเมนท์

คอมเมนท์ทรัพยากรรายการนี้
  คอมเมนท์: สูตรหวาน จานรัก ..


 Copyright 2026. Bcnsprnw @Library